| 000 | 01672cad a22002535a 4500 | ||
|---|---|---|---|
| 001 | L150994 | ||
| 008 | 100921s20100921xxkd f s f000 0 eng d | ||
| 020 | _a9781409825678 | ||
| 035 | _a(Sirsi) u150994 | ||
| 041 | 0 | _aeng | |
| 050 | 0 | 4 | _a333.33 $2 18 |
| 110 | 1 |
_aUnited Kingdom _bDepartment for Communities and Local Government _94939 |
|
| 245 | 0 | 0 |
_aHouse price index _bJuly 2010 _h[electronic resource] |
| 260 |
_aLondon _bDCLG _c2010 |
||
| 490 | 0 |
_aDCLG House Price Index _vJuly 2010 |
|
| 520 | _aUK house prices have increased by 8.4% since July 2009 and decreased by 0.3% since June 2010. The mix-adjusted average house price was £212 878 in July 2010 (not seasonally adjusted). UK house prices rose by 0.8% in the quarter ending July 2010 compared with a rise of 1.1% in the quarter ending April 2010 (seasonally adjusted). Annual average house prices rose by 9% in England, 3.7% in Scotland and 10.1% in Wales but fell in Northern Ireland by 17.1%. Annual average house prices paid by first time buyers in July 2010 were 7.5% higher than a year ago. By comparison average house prices paid by former owner occupiers were 8.7% higher. Annual average house prices paid for new properties in July 2010 were 9.5% higher than a year ago. By comparison average house prices paid on pre-owned dwellings were 8.3% higher. | ||
| 521 | _aAdvanced | ||
| 590 | _aKA NTK | ||
| 650 | 2 | 4 | _aDCLG HOUSE PRICE INDEX |
| 651 | 4 |
_aUnited Kingdom _y |
|
| 690 | _aPROPERTY-RESIDENTIAL PROPERTY-RESIDENTIAL PROPERTY MARKET | ||
| 856 | 4 | 0 |
_uhttps://www.communities.gov.uk/documents/statistics/pdf/1713889.pdf _zView this item free of charge at www.communities.gov.uk |
| 942 | _n0 | ||
| 999 |
_c111093 _d111093 |
||